| 000 | 00482nam a2200169Ia 4500 | ||
|---|---|---|---|
| 008 | 201221s9999||||xx |||||||||||||| ||und|| | ||
| 020 | _a052139743X | ||
| 020 | _a9780521397438 | ||
| 041 | _aeng | ||
| 050 |
_aBJ1401 _b.E77 1993 |
||
| 100 | _aEvans, G. R. | ||
| 245 | 0 |
_aAugustine on evil _b / _cG. R. Evans |
|
| 260 |
_aCambridge : _bUniversity Press, |
||
| 300 |
_axiv, 198 p. _b; _c22 cm. |
||
| 650 | _aAgustÃn, -- Santo, Obispo de Hipona, -- 354-430 -- Pecado. | ||
| 999 |
_c33292 _d33292 |
||